书目信息 |
| 题名: |
周易
|
|
| 作者: | ;文物出版社 编 | |
| 分册: | 上 | |
| 出版信息: | 北京 文物出版社 2021.12 |
|
| 页数: | 2册 (116页) | |
| 开本: | 37cm | |
| 丛书名: | 马王堆汉墓帛书书法选 | |
| 单 册: | ||
| 中图分类: | J292.22 | |
| 科图分类: | ||
| 主题词: | 帛书文字--bo shu wen zi--隶书--法书--中国--汉代 | |
| 电子资源: | ||
| ISBN: | 978-7-5010-7275-0 | |
| 000 | 01106nam 2200265 450 | |
| 001 | CAL 0120227355910 | |
| 005 | 20230307201007.37 | |
| 010 | @a978-7-5010-7275-0@dCNY49.00 | |
| 100 | @a20220304d2021 em y0chiy0120 ea | |
| 101 | 0 | @achi |
| 102 | @aCN@b110000 | |
| 105 | @ay z 000yy | |
| 106 | @ad | |
| 200 | 1 | @a周易@Azhou yi@f文物出版社编@h上 |
| 210 | @a北京@c文物出版社@d2021.12 | |
| 215 | @a2册 (116页)@d37cm@e帛书书法1张 (60x80cm) | |
| 225 | 2 | @a马王堆汉墓帛书书法选@Ama wang dui han mu bo shu shu fa xuan@h第一辑 |
| 330 | @a本书为马王堆汉墓帛书《周易》, 横幅, 朱栏界格, 墨书, 横四十八厘米, 纵八十五厘米, 共九十三行, 满行六十四至八十一字不等, 共四千九百余字。内容含经、传两部分。经即六十四卦, 传则包括《系辞》在内的五篇易学理论的古佚书。该卷帛书抄写于汉文帝初年, 是现存最早的《周易》抄本之一。 | |
| 410 | 0 | @12001 @a马王堆汉墓帛书书法选@h第一辑 |
| 606 | 0 | @a帛书文字@Abo shu wen zi@x隶书@x法书@y中国@z汉代 |
| 690 | @aJ292.22@v5 | |
| 711 | 02 | @a文物出版社@Awen wu chu ban she@4编 |
| 801 | 0 | @aCN@bBJXHZP@c20230228 |
| 804 | @a上, 60 ; 下, 61-116 | |
| 905 | @b1391991-2@dJ292.22@e779:1@f2 | |
| 周易/文物出版社编.上.-北京:文物出版社,2021.12 |
| 2册 (116页);37cm+帛书书法1张 (60x80cm).-(马王堆汉墓帛书书法选.第一辑) |
| ISBN 978-7-5010-7275-0:CNY49.00 |
| 本书为马王堆汉墓帛书《周易》, 横幅, 朱栏界格, 墨书, 横四十八厘米, 纵八十五厘米, 共九十三行, 满行六十四至八十一字不等, 共四千九百余字。内容含经、传两部分。经即六十四卦, 传则包括《系辞》在内的五篇易学理论的古佚书。该卷帛书抄写于汉文帝初年, 是现存最早的《周易》抄本之一。 |
| ● |
| 相关链接 |
|
|
|
|
正题名:周易
索取号:J292.22/779:1
 
预约/预借
| 序号 | 登录号 | 条形码 | 馆藏地/架位号 | 状态 | 备注 |
| 1 | 1391991 | 213919919 | 第一样本阅览室/ [索取号:J292.22/779:1] | 在馆 | |
| 2 | 1391992 | 213919928 | 第一借阅区/ [索取号:J292.22/779:1] | 在馆 |